[Event "4NCL/Div2/NWE-RIC"]
[Site "Rd-8 Birmingham"]
[Date "2002.03.24"]
[Round "8.3"]
[White "Charleshouse, Glenn L"]
[Black "Bates, Richard A"]
[Result "0-1"]
[WhiteElo "2309"]
[BlackElo "2358"]
[PlyCount "118"]
[EventDate "2002.03.24"]

1. e4 c5 2. Nf3 d6 3. d4 cxd4 4. Nxd4 Nf6 5. Nc3 a6 6. a4 e6 7. Be2 Be7 8. O-O
O-O 9. f4 Nc6 10. Kh1 Qc7 11. Be3 Re8 12. Qe1 Nd7 13. Rd1 Nc5 14. Bf3 Bd7 15.
Qg3 Nb4 16. e5 Bf8 17. Bc1 Rad8 18. Bh5 g6 19. Bf3 Bc8 20. h4 Bg7 21. Ndb5 axb5
22. Nxb5 Qe7 23. Nxd6 Rf8 24. c3 Nd5 25. h5 f6 26. hxg6 fxe5 27. gxh7+ Kh8 28.
fxe5 Rxd6 29. exd6 Qf6 30. Bg5 Qg6 31. Bxd5 Qxh7+ 32. Qh4 Qxh4+ 33. Bxh4 exd5
34. Rxf8+ Bxf8 35. Be7 Bg7 36. Rxd5 b6 37. b4 Nd7 38. a5 Bxc3 39. axb6 Bb7 40.
Rh5+ Kg7 41. Rh4 Bd5 42. Bd8 Kf7 43. Bc7 Bf6 44. Rh3 Ke6 45. Re3+ Kf5 46. Kh2
Be5+ 47. Kh3 Kf4 48. Ra3 Be6+ 49. Kh2 Ke4+ 50. Kh1 Bd5 51. Ra7 Ke3 52. Kg1 Bd4
53. Bd8 Ne5 54. Kh2 Kf4 55. g3+ Kf3 56. Ra3+ Kg4 57. b5 Nf3+ 58. Kg2 Nd2+ 59.
Kh2 Nf1# 0-1

[Event "4NCL/Div2/NWE-RIC"]
[Site "Rd-8 Birmingham"]
[Date "2002.03.24"]
[Round "8.4"]
[White "Hinks-Edwards, Thomas"]
[Black "Quillan, Gary"]
[Result "1-0"]
[WhiteElo "2322"]
[BlackElo "2319"]
[PlyCount "79"]
[EventDate "2002.03.24"]

1. e4 e6 2. d4 d5 3. Nc3 Bb4 4. e5 Ne7 5. a3 Bxc3+ 6. bxc3 c5 7. Qg4 Qc7 8.
Qxg7 Rg8 9. Qxh7 cxd4 10. Ne2 Nbc6 11. f4 Bd7 12. Qd3 dxc3 13. Nxc3 a6 14. Bd2
Na5 15. Ne2 Nc4 16. Nd4 Qb6 17. Bc3 O-O-O 18. g3 Ng6 19. h4 f6 20. h5 Nh8 21.
exf6 e5 22. fxe5 Nxe5 23. Qd2 Bg4 24. Be2 Bxe2 25. Qxe2 Rde8 26. O-O-O Rxg3 27.
Bb2 Qxf6 28. Rhf1 Qb6 29. Nf5 Nd3+ 30. Rxd3 Rxe2 31. Nxg3 Qh6+ 32. Kb1 Rg2 33.
Nf5 Qh7 34. Rxd5 Nf7 35. Ne3 Re2 36. Nf5 Kb8 37. Rd7 Qg8 38. Nd4 Rd2 39. Rfxf7
Qg1+ 40. Ka2 1-0

[Event "4NCL/Div2/NWE-RIC"]
[Site "Rd-8 Birmingham"]
[Date "2002.03.24"]
[Round "8.5"]
[White "Kennaugh, Charles W"]
[Black "Webb, Laurence E"]
[Result "0-1"]
[WhiteElo "2255"]
[BlackElo "2239"]
[PlyCount "98"]
[EventDate "2002.03.24"]

1. e4 e5 2. f4 exf4 3. Nf3 Ne7 4. Nc3 d5 5. exd5 Nxd5 6. Nxd5 Qxd5 7. d4 Bg4 8.
Bxf4 Bxf3 9. Qxf3 Qxf3 10. gxf3 Bd6 11. Bxd6 cxd6 12. Bb5+ Nd7 13. Kf2 O-O-O
14. Rae1 Nb6 15. Bd3 g6 16. c4 Rhe8 17. f4 Nd7 18. f5 Nf6 19. Kf3 g5 20. h4 g4+
21. Kf4 Rg8 22. h5 h6 23. Re7 Rd7 24. Rxd7 Kxd7 25. Be4 b6 26. b4 Rg5 27. b5
Nxh5+ 28. Ke3 Ng3 29. Bc6+ Ke7 30. f6+ Kxf6 31. Rxh6+ Rg6 32. Rxg6+ fxg6 33.
Kf4 Nf5 34. Kxg4 Nxd4 35. Be4 Ne2 36. a3 g5 37. Bd3 Nf4 38. Bc2 Ng6 39. Kg3 Ne5
40. Bb3 Nd3 41. Kf3 Ke5 42. Ke3 Nc5 43. Bd1 Ne6 44. Bg4 Nd4 45. Kd3 Nf5 46. Bf3
Kf4 47. Bb7 g4 48. a4 g3 49. Ke2 Ne3 0-1

[Event "4NCL/Div2/NWE-RIC"]
[Site "Rd-8 Birmingham"]
[Date "2002.03.24"]
[Round "8.6"]
[White "Franklin, Michael J"]
[Black "Lund, D Brett"]
[Result "0-1"]
[WhiteElo "2233"]
[BlackElo "2283"]
[PlyCount "76"]
[EventDate "2002.03.24"]

1. d4 d6 2. c3 e5 3. dxe5 dxe5 4. Qxd8+ Kxd8 5. e4 Be6 6. Be3 Nd7 7. Nd2 Bc5 8.
Bxc5 Nxc5 9. b3 Nf6 10. f3 Nfd7 11. O-O-O c6 12. Bc4 b5 13. Bxe6 Nxe6 14. Ne2
Kc7 15. Kc2 a5 16. Rhe1 h5 17. Nf1 h4 18. h3 b4 19. Ne3 Nb6 20. cxb4 axb4 21.
Kb1 Rad8 22. Kc2 Nd4+ 23. Nxd4 exd4 24. Ng4 Rh5 25. f4 Rc5+ 26. Kb2 Rc3 27. Ne5
f6 28. Nf3 c5 29. Nxh4 d3 30. Rd2 c4 31. Nf3 Na4+ 32. bxa4 Ra3 33. Rc1 c3+ 34.
Kb1 Kb6 35. Rf2 Rxa4 36. e5 c2+ 37. Kb2 Rda8 38. Nd2 Kb5 0-1

[Event "4NCL/Div2/NWE-RIC"]
[Site "Rd-8 Birmingham"]
[Date "2002.03.24"]
[Round "8.7"]
[White "Hague, Ben"]
[Black "Nixon, Thomas CM"]
[Result "0-1"]
[WhiteElo "2219"]
[BlackElo "2160"]
[PlyCount "82"]
[EventDate "2002.03.24"]

1. e4 e5 2. f4 exf4 3. Nf3 Be7 4. Nc3 Bh4+ 5. Ke2 Be7 6. d4 g5 7. Kf2 d6 8. Bc4
Nc6 9. Re1 g4 10. Ng1 f3 11. Bf4 Bh4+ 12. Bg3 h5 13. Qd2 Bxg3+ 14. hxg3 h4 15.
Qf4 hxg3+ 16. Ke3 Qf6 17. Qxf6 Nxf6 18. gxf3 Bd7 19. f4 Rh2 20. Nge2 Nh5 21.
Rg1 Rh3 22. Rg2 f5 23. e5 dxe5 24. dxe5 Ne7 25. Rd1 Bc6 26. Bb5 Rd8 27. Bxc6+
bxc6 28. Rxd8+ Kxd8 29. Nd4 Rh2 30. Rg1 Ke8 31. Nde2 Ng6 32. Nd4 Nh4 33. Nce2
Ng2+ 34. Rxg2 Rxg2 35. Nxf5 Rf2 36. Nh4 Rh2 37. Ng6 Rf2 38. Nh4 Rh2 39. Nf5 g2
40. Nfd4 Rh1 41. Kf2 Nxf4 0-1

[Event "4NCL/Div2/PP1-BG3"]
[Site "Rd-8 Birmingham"]
[Date "2002.03.24"]
[Round "8.1"]
[White "Swanson, Stephen"]
[Black "Cafferty, Bernard"]
[Result "1/2-1/2"]
[WhiteElo "2271"]
[BlackElo "2164"]
[PlyCount "24"]
[EventDate "2002.03.24"]

1. e4 Nf6 2. Nc3 d5 3. e5 Ne4 4. Qf3 Nxc3 5. dxc3 g6 6. Bf4 Bg7 7. O-O-O c6 8.
h4 Qa5 9. a3 h5 10. Qg3 Na6 11. Ne2 Nc7 12. Nd4 Ne6 1/2-1/2

[Event "4NCL/Div2/PP1-BG3"]
[Site "Rd-8 Birmingham"]
[Date "2002.03.24"]
[Round "8.2"]
[White "Howell, Christopher I"]
[Black "Harley, Andrew"]
[Result "1/2-1/2"]
[WhiteElo "2160"]
[BlackElo "2258"]
[PlyCount "48"]
[EventDate "2002.03.24"]

1. e4 c5 2. c3 Nf6 3. e5 Nd5 4. Nf3 Nc6 5. d4 cxd4 6. Bc4 Nb6 7. Bb3 d5 8. exd6
Qxd6 9. Nxd4 Nxd4 10. Qxd4 Qg6 11. O-O Bh3 12. Ba4+ Nxa4 13. Qxa4+ Bd7 14. Qf4
Bc6 15. Qg3 Qxg3 16. hxg3 e5 17. b3 O-O-O 18. Be3 Kb8 19. Nd2 Be7 20. c4 h5 21.
Rfd1 h4 22. gxh4 Rxh4 23. Nf3 Bxf3 24. Rxd8+ Bxd8 1/2-1/2

[Event "4NCL/Div2/PP1-BG3"]
[Site "Rd-8 Birmingham"]
[Date "2002.03.24"]
[Round "8.3"]
[White "Moore, Gerald"]
[Black "Lock, Gavin R"]
[Result "0-1"]
[WhiteElo "2233"]
[BlackElo "2142"]
[PlyCount "78"]
[EventDate "2002.03.24"]

1. Nf3 d5 2. c4 c6 3. d4 Nf6 4. Nc3 e6 5. e3 Nbd7 6. Bd3 dxc4 7. Bxc4 b5 8. Bd3
b4 9. Ne4 Bb7 10. O-O Be7 11. Qc2 O-O 12. Bd2 c5 13. Nxf6+ Nxf6 14. dxc5 Bxc5
15. Qxc5 Qxd3 16. Bxb4 Rfc8 17. Qd4 Qg6 18. Nh4 Qh5 19. g3 e5 20. Qd1 Qh6 21.
Rc1 Rd8 22. Qa4 g5 23. Nf5 Qh3 24. Ne7+ Kh8 25. f3 Ng4 26. Qc2 Nxe3 27. Qe2 Nd5
28. Qxe5+ f6 29. Bc3 h6 30. Qd4 Rd6 31. Nxd5 Bxd5 32. Qg4 Qxg4 33. fxg4 Kg7 34.
Rcd1 Rad8 35. Rf5 Be4 36. Rxd6 Rxd6 37. Rf1 Kf7 38. Kf2 Bd5 39. Ke3 Bxa2 0-1

[Event "4NCL/Div2/PP1-BG3"]
[Site "Rd-8 Birmingham"]
[Date "2002.03.24"]
[Round "8.4"]
[White "Gunter, David WW"]
[Black "Waddington, Michael P"]
[Result "1-0"]
[WhiteElo "2140"]
[BlackElo "2219"]
[PlyCount "123"]
[EventDate "2002.03.24"]

1. d4 f5 2. Nf3 Nf6 3. Bf4 g6 4. h3 Bg7 5. e3 O-O 6. Be2 d6 7. O-O c6 8. c4 Na6
9. Nc3 Nc7 10. b4 h6 11. a4 Qe8 12. Bh2 Ne6 13. Qb3 Kh8 14. c5 d5 15. b5 Nd7
16. bxc6 bxc6 17. Nxd5 g5 18. Nb4 Nd8 19. Rac1 g4 20. hxg4 fxg4 21. Ne5 Nxe5
22. Bxe5 Bxe5 23. dxe5 Qh5 24. Qc4 Be6 25. Qc3 Rf5 26. Nd3 Qg5 27. Nf4 Bd5 28.
Nxd5 cxd5 29. c6 Rc8 30. c7 Ne6 31. Qc6 Rxe5 32. Qd7 Rxc7 33. Rxc7 Nxc7 34.
Qxc7 g3 35. Qc8+ Kh7 36. Bd3+ Kg7 37. Qc3 gxf2+ 38. Rxf2 Qxe3 39. Kf1 d4 40.
Qd2 Qg3 41. Rf3 Qh4 42. Rh3 Qf6+ 43. Kg1 Rc5 44. Rg3+ Rg5 45. Rxg5+ hxg5 46.
Qe2 Qd6 47. Qe4 Qb4 48. Qg6+ Kf8 49. Qf5+ Kg7 50. Qxg5+ Kf8 51. Qf5+ Kg7 52.
Qg6+ Kf8 53. Qh6+ Ke8 54. Bb5+ Kf7 55. Qf4+ Ke6 56. Kh2 a6 57. Qh6+ Ke5 58.
Qxa6 Qd2 59. Qg6 e6 60. Bc4 Qc3 61. Qxe6+ Kf4 62. Qf6+ 1-0

[Event "4NCL/Div2/PP1-BG3"]
[Site "Rd-8 Birmingham"]
[Date "2002.03.24"]
[Round "8.5"]
[White "Byway, Paul"]
[Black "Wheeler, Darren P"]
[Result "0-1"]
[WhiteElo "2216"]
[BlackElo "2120"]
[PlyCount "114"]
[EventDate "2002.03.24"]

1. d4 e6 2. Nf3 d5 3. Bf4 Bd6 4. e3 Nf6 5. Nbd2 c5 6. dxc5 Bxc5 7. c3 Nc6 8.
Bd3 O-O 9. O-O Re8 10. e4 e5 11. Bg5 dxe4 12. Nxe4 Be7 13. Bxf6 Bxf6 14. Nd6
Re7 15. Be4 Rd7 16. Nxb7 Bxb7 17. Qa4 Qc7 18. Rad1 Rad8 19. b4 Rxd1 20. Rxd1
Rxd1+ 21. Qxd1 g6 22. h4 h5 23. Qd3 Kg7 24. Qc4 Qd7 25. Qb5 Qc7 26. Qc5 Qb6 27.
Qc4 Nd8 28. a4 Bxe4 29. Qxe4 Qc6 30. Qxc6 Nxc6 31. Nd2 Bxh4 32. Nc4 Bd8 33. b5
Na5 34. Nxe5 Bf6 35. Nd7 Bxc3 36. b6 axb6 37. Nxb6 Bd4 38. Nd5 f5 39. Kf1 Kf7
40. Ke2 g5 41. f4 g4 42. Nc7 h4 43. Nb5 Bc5 44. Nc7 Bd6 45. Nd5 Ke6 46. Ne3
Bxf4 47. Nxg4 fxg4 48. Kf2 Kd5 49. Kg1 Kc4 50. Kh1 Kb3 51. Kg1 Kxa4 52. Kh1 Nc4
53. Kg1 Ne3 54. Kh1 Nxg2 55. Kxg2 h3+ 56. Kh1 g3 57. Kg1 Be3+ 0-1

[Event "4NCL/Div2/PP1-BG3"]
[Site "Rd-8 Birmingham"]
[Date "2002.03.24"]
[Round "8.6"]
[White "Spanton, Timothy"]
[Black "Rosen, Daniel B"]
[Result "0-1"]
[WhiteElo "2015"]
[BlackElo "2228"]
[PlyCount "112"]
[EventDate "2002.03.24"]

1. c4 e5 2. g3 f5 3. d4 exd4 4. Qxd4 Nc6 5. Qe3+ Qe7 6. Nf3 Nf6 7. Nd4 Qxe3 8.
Bxe3 Bb4+ 9. Nd2 Nxd4 10. Bxd4 Ne4 11. Be3 b6 12. a3 Bxd2+ 13. Bxd2 Nxd2 14.
Kxd2 Bb7 15. Rg1 O-O-O 16. Bh3 Rhf8 17. Rad1 g6 18. e3 d5 19. cxd5 Rxd5+ 20.
Ke2 c5 21. Rxd5 Bxd5 22. Rd1 Rd8 23. Ke1 Bf3 24. Rxd8+ Kxd8 25. Kd2 Ke7 26. Kc3
Kd6 27. Bf1 Bc6 28. Bc4 Bd5 29. Bd3 Kc6 30. h4 b5 31. b3 Bf3 32. Bf1 a6 33. Bd3
Kd6 34. a4 b4+ 35. Kc2 a5 36. Bc4 Ke5 37. Bg8 Be4+ 38. Kd2 h6 39. Ke2 g5 40.
hxg5 hxg5 41. Bc4 g4 42. Kd2 Bd5 43. Kd3 Bxc4+ 44. Kxc4 Ke4 45. Kb5 Kf3 46.
Kxa5 Kxf2 47. Kb5 Kxg3 48. a5 Kf2 49. a6 g3 50. a7 g2 51. a8=Q g1=Q 52. Kxc5
Qe1 53. Qd5 Qxe3+ 54. Kxb4 Qe4+ 55. Qc4 Ke3 56. Kc3 Qxc4+ 0-1

[Event "4NCL/Div2/PP1-BG3"]
[Site "Rd-8 Birmingham"]
[Date "2002.03.24"]
[Round "8.7"]
[White "Morgan, Ben"]
[Black "Howell, Susan C"]
[Result "1-0"]
[WhiteElo "2200"]
[BlackElo "1736"]
[PlyCount "33"]
[EventDate "2002.03.24"]

1. e4 e6 2. d4 d5 3. Nd2 dxe4 4. Nxe4 Bd7 5. Nf3 Bc6 6. Bd3 Nd7 7. O-O Ngf6 8.
Ned2 Be7 9. Re1 O-O 10. Nc4 Bxf3 11. Qxf3 c6 12. Qh3 Nb6 13. Bg5 Nbd5 14. Ne5
Nb4 15. Bxf6 Nxd3 16. Bxe7 Qxe7 17. Nxd3 1-0

[Event "4NCL/Div2/PP1-BG3"]
[Site "Rd-8 Birmingham"]
[Date "2002.03.24"]
[Round "8.8"]
[White "Barraclough, David"]
[Black "Aarons, Poppy J"]
[Result "1/2-1/2"]
[WhiteElo "1576"]
[BlackElo "1464"]
[PlyCount "56"]
[EventDate "2002.03.24"]

1. e4 e6 2. d4 d5 3. Nd2 Be7 4. Bd3 Nf6 5. e5 Nfd7 6. c3 c5 7. Ne2 Nc6 8. O-O
Qb6 9. Nf3 O-O 10. Bb1 Re8 11. Qc2 Nf8 12. Rd1 cxd4 13. Nexd4 Bd7 14. h4 h6 15.
Bf4 Rac8 16. Qd2 Nxd4 17. Nxd4 Bxh4 18. Bxh6 gxh6 19. Qxh6 Bxf2+ 20. Kxf2 Qxb2+
21. Kg3 Rxc3+ 22. Nf3 Rxf3+ 23. gxf3 Qxe5+ 24. Kf2 Qb2+ 25. Ke1 Qc3+ 26. Kf2
Qb2+ 27. Ke1 Qc3+ 28. Kf2 Qb2+ 1/2-1/2

[Event "4NCL/Div2/3CS-ATH"]
[Site "Rd-8 Birmingham"]
[Date "2002.03.24"]
[Round "8.1"]
[White "Davies, Nigel R"]
[Black "Orr, Mark JL"]
[Result "1/2-1/2"]
[WhiteElo "2481"]
[BlackElo "2328"]
[PlyCount "57"]
[EventDate "2002.03.24"]

1. c4 c6 2. Nf3 d5 3. g3 Bg4 4. Ne5 Be6 5. cxd5 Bxd5 6. f3 Nd7 7. d4 Nxe5 8.
dxe5 g6 9. Nc3 Bg7 10. Nxd5 Qxd5 11. Qxd5 cxd5 12. f4 e6 13. e4 O-O-O 14. exd5
exd5 15. Be3 Kb8 16. Bg2 f6 17. O-O Ne7 18. Rad1 Nf5 19. Bf2 d4 20. e6 Ne3 21.
Bxe3 dxe3 22. e7 Rxd1 23. Rxd1 Kc7 24. Rd3 Re8 25. Rxe3 f5 26. Kf1 Bf6 27. Rb3
b6 28. Ra3 a5 29. Re3 1/2-1/2

[Event "4NCL/Div2/3CS-ATH"]
[Site "Rd-8 Birmingham"]
[Date "2002.03.24"]
[Round "8.2"]
[White "Spreeuw, Jaap"]
[Black "Clarke, Stuart"]
[Result "1/2-1/2"]
[WhiteElo "2316"]
[BlackElo "2290"]
[PlyCount "55"]
[EventDate "2002.03.24"]

1. c4 Nf6 2. Nc3 e6 3. e4 d5 4. e5 d4 5. exf6 dxc3 6. bxc3 gxf6 7. d4 e5 8. Ne2
a5 9. a3 h5 10. h4 Bg4 11. Be3 Nd7 12. Qb1 Nb6 13. Ng3 Rb8 14. dxe5 Bg7 15. Nf5
Bxf5 16. Qxf5 fxe5 17. c5 Nd5 18. Bc4 Qf6 19. Qxf6 Nxf6 20. O-O O-O 21. Rfd1 b5
22. cxb6 cxb6 23. Rd6 Rfc8 24. Bf1 b5 25. Ra6 a4 26. Ra5 Nd5 27. Rxb5 Rxb5 28.
Bxb5 1/2-1/2

[Event "4NCL/Div2/3CS-ATH"]
[Site "Rd-8 Birmingham"]
[Date "2002.03.24"]
[Round "8.3"]
[White "Longson, Alexander"]
[Black "Wade, Robert G"]
[Result "0-1"]
[WhiteElo "2167"]
[BlackElo "2224"]
[PlyCount "106"]
[EventDate "2002.03.24"]

1. e4 c6 2. d4 d5 3. Nc3 dxe4 4. Nxe4 Nf6 5. Nxf6+ exf6 6. Nf3 Bd6 7. g3 O-O 8.
Bg2 Re8+ 9. Be3 f5 10. Qd2 Nd7 11. O-O Nf6 12. Bg5 h6 13. Bxf6 Qxf6 14. Rfe1
Be6 15. Ne5 Bxe5 16. Rxe5 Red8 17. Qe3 Rd7 18. b3 g5 19. f4 Rad8 20. c3 Bd5 21.
fxg5 hxg5 22. Rf1 f4 23. gxf4 g4 24. Rg5+ Kf8 25. Re1 Bxg2 26. Kxg2 Rd5 27.
Rxg4 c5 28. Qg3 Qh8 29. Qe3 Qf6 30. dxc5 Rd2+ 31. Kg1 R2d3 32. Qe4 Rd1 33. Rg3
Rxe1+ 34. Qxe1 Qf5 35. b4 Qc2 36. Rg2 Qd3 37. Rg3 Qc2 38. Rg2 Qd3 39. Re2 Qf3
40. Rf2 Qg4+ 41. Rg2 Qxf4 42. h4 Rd3 43. h5 Rd5 44. a4 a5 45. h6 Qxh6 46. Rg3
Qf4 47. Rg2 axb4 48. cxb4 Qd4+ 49. Kh1 Rh5+ 50. Rh2 Qd5+ 51. Kg1 Rg5+ 52. Kf1
Qf3+ 53. Qf2 Qd1+ 0-1

[Event "4NCL/Div2/3CS-ATH"]
[Site "Rd-8 Birmingham"]
[Date "2002.03.24"]
[Round "8.4"]
[White "Stevenson, James AB"]
[Black "Bentley, John L"]
[Result "0-1"]
[WhiteElo "2151"]
[BlackElo "2147"]
[PlyCount "88"]
[EventDate "2002.03.24"]

1. e4 c5 2. Nf3 Nc6 3. c3 Nf6 4. e5 Nd5 5. d4 cxd4 6. cxd4 d6 7. Bc4 e6 8. exd6
Bxd6 9. O-O O-O 10. Nc3 Nxc3 11. bxc3 e5 12. d5 Ne7 13. Ng5 Bf5 14. Bd3 h6 15.
Bxf5 Nxf5 16. Ne4 Be7 17. Qd3 Nd6 18. Rd1 Rc8 19. Nxd6 Bxd6 20. Be3 b6 21. a4
f5 22. f3 Qc7 23. Rdc1 e4 24. fxe4 fxe4 25. Qd2 Bxh2+ 26. Kh1 Bg3 27. d6 Bxd6
28. Qd5+ Kh8 29. Bd4 Qe7 30. Qh5 Kh7 31. Re1 Rf4 32. g3 Rf7 33. Qg4 Re8 34. a5
Bc5 35. axb6 axb6 36. Rad1 e3 37. Kh2 Rf2+ 38. Kh3 Qe6 39. Qxe6 Rxe6 40. Rd3
Bxd4 41. cxd4 e2 42. Rd2 Re4 43. d5 g5 44. Rh1 Rf1 0-1

[Event "4NCL/Div2/3CS-ATH"]
[Site "Rd-8 Birmingham"]
[Date "2002.03.24"]
[Round "8.5"]
[White "Ashton, Adam G"]
[Black "Quinn, John M"]
[Result "1/2-1/2"]
[WhiteElo "2146"]
[BlackElo "2174"]
[PlyCount "47"]
[EventDate "2002.03.24"]

1. e4 c5 2. Nf3 e6 3. b3 d5 4. exd5 exd5 5. Bb5+ Bd7 6. Bxd7+ Nxd7 7. O-O Bd6
8. d4 Ne7 9. Nc3 O-O 10. Bg5 f6 11. Bh4 Rc8 12. Bg3 Bxg3 13. hxg3 c4 14. Ne2
Ng6 15. Qd2 Qc7 16. Rfe1 Rfe8 17. Rac1 Ndf8 18. Nc3 Qc6 19. Rxe8 Rxe8 20. Re1
cxb3 21. Rxe8 Qxe8 22. cxb3 Qc6 23. Qe3 Kf7 24. Qd3 1/2-1/2

[Event "4NCL/Div2/3CS-ATH"]
[Site "Rd-8 Birmingham"]
[Date "2002.03.24"]
[Round "8.6"]
[White "Spivack, Simon"]
[Black "Taylor, Robert M"]
[Result "1-0"]
[WhiteElo "2182"]
[BlackElo "2153"]
[PlyCount "77"]
[EventDate "2002.03.24"]

1. e4 c5 2. Nf3 d6 3. Bb5+ Nd7 4. d4 cxd4 5. Qxd4 e6 6. Bg5 Ngf6 7. Nc3 Be7 8.
Rd1 Qc7 9. e5 dxe5 10. Nxe5 Bc5 11. Qf4 Bd6 12. Rxd6 Qxd6 13. Nxd7 Qxf4 14.
Nxf6+ Kf8 15. Nxh7+ Rxh7 16. Bxf4 f6 17. Bd6+ Kf7 18. f4 g6 19. Ne4 Rh5 20. Be2
Rd5 21. Bf3 Bd7 22. Bb4 a5 23. Bc3 Bb5 24. Bxf6 Rc8 25. c3 Bd3 26. Be5 Bxe4 27.
Bxe4 Rb5 28. b3 a4 29. bxa4 Rb2 30. O-O Rc4 31. Rb1 Rxb1+ 32. Bxb1 Rxa4 33. Kf2
Ra5 34. Ke3 Rb5 35. Be4 g5 36. a4 Ra5 37. Bxb7 gxf4+ 38. Kxf4 Rxa4+ 39. Be4 1-0

[Event "4NCL/Div2/3CS-ATH"]
[Site "Rd-8 Birmingham"]
[Date "2002.03.24"]
[Round "8.7"]
[White "Gordon, Stephen J"]
[Black "Milligan, Helen"]
[Result "1/2-1/2"]
[WhiteElo "1968"]
[BlackElo "2130"]
[PlyCount "92"]
[EventDate "2002.03.24"]

1. d4 Nf6 2. c4 e6 3. Nc3 Bb4 4. e3 b6 5. Nge2 Bb7 6. a3 Bxc3+ 7. Nxc3 d6 8.
Bd3 Nbd7 9. b4 O-O 10. O-O c5 11. Qe2 Qe7 12. bxc5 bxc5 13. f3 Rab8 14. a4 Rfc8
15. Ba3 a6 16. Rab1 Ba8 17. Rfd1 Qd8 18. Rxb8 Rxb8 19. Bc2 Qa5 20. Qd3 g6 21.
dxc5 dxc5 22. f4 Qc7 23. Qd6 Qc8 24. a5 Bc6 25. Ba4 Bxa4 26. Nxa4 Rb3 27. Nxc5
Nxc5 28. Bxc5 Ne4 29. Qd8+ Qxd8 30. Rxd8+ Kg7 31. Bf8+ Kf6 32. h3 Rxe3 33. c5
Re1+ 34. Kh2 Rc1 35. Rc8 Kf5 36. Rc7 f6 37. Bd6 h5 38. g3 Rc2+ 39. Kg1 Nxg3 40.
Rc6 Ne2+ 41. Kf1 Nxf4 42. Rxa6 Nd5 43. Ra8 Ke4 44. Rb8 Kf3 45. Rb3+ Ne3+ 46.
Kg1 Rc1+ 1/2-1/2

[Event "4NCL/Div2/3CS-ATH"]
[Site "Rd-8 Birmingham"]
[Date "2002.03.24"]
[Round "8.8"]
[White "McKeown, Paul"]
[Black "Roberts, Elizabeth H"]
[Result "1-0"]
[WhiteElo "2075"]
[BlackElo "1456"]
[PlyCount "91"]
[EventDate "2002.03.24"]

1. e4 e5 2. f4 Bc5 3. Nf3 Nc6 4. c3 d6 5. b4 Bb6 6. Na3 a6 7. Nc4 Ba7 8. fxe5
dxe5 9. d3 Qe7 10. Be3 Bxe3 11. Nxe3 Nf6 12. Be2 O-O 13. O-O Rd8 14. Qc2 b5 15.
a4 Na7 16. axb5 axb5 17. d4 exd4 18. Nxd4 Qxe4 19. Qxe4 Nxe4 20. Nc6 Nxc6 21.
Rxa8 Nxc3 22. Bf3 Ne7 23. Bb7 Rf8 24. Bxc8 Rxc8 25. Rxc8+ Nxc8 26. Ra1 Nb6 27.
Ra7 f6 28. Rb7 h6 29. h4 h5 30. Kf1 Kh7 31. Ke1 Na8 32. Kd2 Ne4+ 33. Kd3 Nd6
34. Ra7 Nb6 35. Rxc7 Kg8 36. Rc6 Nbc8 37. Nd5 Kf8 38. Nc3 Ke8 39. Nxb5 Kd7 40.
Nxd6 Nxd6 41. Rc5 g6 42. b5 Nb7 43. Rc1 g5 44. b6 Kd6 45. Rc7 Nc5+ 46. Rxc5 1-0